A hearing teacher's changing role in deaf education (Record no. 69755)
[ view plain ]
| 000 -CABECERA | |
|---|---|
| campo de control de longitud fija | 00596nam a2200217 a 4500 |
| 005 - FECHA Y HORA DE LA ÚLTIMA TRANSACCIÓN | |
| campo de control | 20210219153146.0 |
| 008 - ELEMENTOS DE LONGITUD FIJA--INFORMACIÓN GENERAL | |
| campo de control de longitud fija | 991125n 000 0 u |
| 035 ## - NÚMERO DE CONTROL DEL SISTEMA | |
| Número de control de sistema | UPN01000081092 |
| 100 1# - ASIENTO PRINCIPAL--NOMBRE PERSONAL | |
| Nombre de persona | Saylor, Patricia J |
| 222 ## - TÍTULO CLAVE | |
| Título clave | HARVARD EDUCATIONAL REVIEW |
| 245 ## - MENCIÓN DE TÍTULO | |
| Título | A hearing teacher's changing role in deaf education |
| 260 ## - PUBLICACIÓN, DISTRIBUCIÓN, ETC. | |
| Lugar de publicación, distribución, etc. | Massachusetts, EUA |
| 300 ## - DESCRIPCIÓN FÍSICA | |
| Extensión | 519-534 |
| 362 0# - FECHAS DE PUBLICACIÓN Y/O DESIGNACIÓN SECUENCIAL | |
| Fecha de publicación y/o designación secuencial | 1992, Vol. 72, no. 4, winter |
| 653 0# - TERMINO DE INDIZACION - NO CONTROLADO | |
| Término no controlado | BICULTURALISMO |
| 653 0# - TERMINO DE INDIZACION - NO CONTROLADO | |
| Término no controlado | DETERIORO DEL OIDO |
| 653 0# - TERMINO DE INDIZACION - NO CONTROLADO | |
| Término no controlado | EDUCACION BILINGÜE |
| 653 0# - TERMINO DE INDIZACION - NO CONTROLADO | |
| Término no controlado | SORDERA |
| 904 ## - ELEMENTOS DE DATOS D LOCAL, LDD (RLIN) | |
| a | AC |
| b | 018903 |
| 905 ## - TIPO DE MATERIAL | |
| Tipo de material | Articulo |
No items available.
